| 000 | 01472nam a2200409 i 4500 | ||
|---|---|---|---|
| 001 | 53613 | ||
| 003 | KOSZ 005 | ||
| 005 | 20240405063203.0 | ||
| 008 | 040802s2001 pl a |000 0 pol | ||
| 015 | _aPB 2004/16749 | ||
| 020 | _a8387967955 | ||
| 040 |
_aWA N _cWA N _dKOSZ 005/HR |
||
| 041 | 0 |
_apol _beng |
|
| 046 | _k2001 | ||
| 080 | _a336.71(100)"1945/..." | ||
| 080 | _a336.71(438)"1945/..." | ||
| 245 | 0 | 0 |
_aBankowość na świecie i w Polsce : _bstan obecny i tendencje rozwojowe / _cpod red. nauk. Leokadii Oręziak, Bogusława Pietrzaka ; [aut. Michał Brzoza-Brzezina et al.]. |
| 260 |
_aWarszawa : _b"Olympus" Centrum Edukacji i Rozwoju Biznesu Instytut Naukowo-Wydawniczy, _c2000. |
||
| 300 |
_a319 s. : _brys., tab., wykr., err. ; _c23 cm. |
||
| 380 | _aKsiążki | ||
| 388 | _a2001- | ||
| 500 | _aNazwy aut. na s. 309-310. | ||
| 504 | _aBibliogr. s. 311-314 i przy pracach. | ||
| 546 | _aStreszcz. ang. | ||
| 648 | 7 | _a1901-2000 | |
| 648 | 7 | _a1945-1989 | |
| 648 | 7 | _a1989-2000 | |
| 650 | 4 | _aBanki | |
| 651 | 7 | _aŚwiat | |
| 651 | 7 | _aPolska | |
| 658 | _aGospodarka, ekonomia, finanse | ||
| 700 | 1 |
_aPietrzak, Bogusław _d(1943- ) _eRedakcja |
|
| 700 | 1 |
_aOręziak, Leokadia _d(1954- ) _eRedakcja |
|
| 700 | 1 |
_aBrzoza-Brzezina, Michał _eAutor |
|
| 856 |
_uhttp://koha.tu.koszalin.pl/cgi-bin/koha/opac-detail.pl?biblionumber=53613 _yKatalog online BPK |
||
| 942 |
_2UKD _cKS |
||
| 999 |
_c53613 _d53613 |
||